Missing Word: 'L' Actor Movies Quiz Stats

 Plays Quiz Updated Jul 16, 2017

Support Sporcle.
Go Orange.
Score 0/30 Timer 03:00
0 Plays Today
Hint Answer % Correct
Jude LawSherlock
96.5%
Lucy LiuBill
95.7%
Jennifer LopezWedding
93.6%
Christopher LeeHollow
91.8%
Heath LedgerBrokeback
91.2%
Ray LiottaDreams
90.7%
Heath LedgerKnight
89.9%
Christopher LeeTowers
89.1%
Jennifer LopezMaid
88.4%
Ray LiottaSoftly
85.2%
Christopher LeeGolden
83.9%
Jude LawTalented
82.2%
Lucy LiuCharlie's
80%
Jude LawPerdition
78.8%
Jennifer LopezMonster
73.4%
Hint Answer % Correct
Lucy LiuLucky
73.2%
Christopher LeeAttack
72.8%
Heath LedgerGrimm
72.5%
Lucy LiuIron
72%
Jude LawEnemy
66.1%
Lucy LiuShanghai
54.1%
Christopher LeeGremlins
46.2%
Ray LiottaPines
43.8%
Heath LedgerNed
36.4%
Jennifer LopezSight
30.9%
Ray LiottaCop
29.8%
Ray LiottaDame
29.8%
Heath LedgerFeathers
25.6%
Jennifer LopezTrain
18.5%
Jude LawEffects
12.2%

Today's Daily Dose

Missing Word
'Y-Z' Pairs

Quick Pick
MCU Directors

You're not logged in!

Compare scores with friends on all Sporcle quizzes.
OR
Log In
Forgot?

From the Vault

Badly Sculpted Sports

by sufradley

If clay sculpting ever became an Olympic sport, these sculptors would not be in it.
Remove Ads.
Support Sporcle.
Get the best of Sporcle when you Go Orange. This ad-free experience offers more features, more stats, and more fun while also helping to support Sporcle. Thank you for becoming a member.

Show Comments

Extras

Top Quizzes Today


Score Distribution

Your Account Isn't Verified!

In order to create a playlist on Sporcle, you need to verify the email address you used during registration. Go to your Sporcle Settings to finish the process.

Report this User

Report this user for behavior that violates our Community Guidelines.

Details: